书目信息 |
| 题名: |
从优秀到卓越
|
|
| 作者: | 魏及淇 著 | |
| 分册: | ||
| 出版信息: | 北京 中国言实出版社 2014 |
|
| 页数: | 231页 | |
| 开本: | 24cm | |
| 丛书名: | ||
| 单 册: | ||
| 中图分类: | C93-49 | |
| 科图分类: | ||
| 主题词: | 管理学--通俗读物 , 管理学 | |
| 电子资源: | ||
| ISBN: | 978-7-5171-0302-8 | |
| 000 | 00974nam0 2200265 450 | |
| 001 | 523 | |
| 005 | 20140905095046.67 | |
| 010 | @a978-7-5171-0302-8@dCNY35.00 | |
| 100 | @a20140312d2014 em y0chiy50 ea | |
| 101 | 0 | @achi |
| 102 | @aCN@b110000 | |
| 105 | @aa z 000yy | |
| 106 | @ar | |
| 200 | 1 | @a从优秀到卓越@ACong You Xiu Dao Zhuo Yue@e国学中的被管理智慧@EGuo Xue Zhong De Bei Guan Li Zhi Hui@f魏及淇著@FWei Ji Qi Zhu |
| 210 | @a北京@c中国言实出版社@d2014 | |
| 215 | @a231页@c图@d24cm | |
| 300 | @a平衡管理模式之团队建设篇 | |
| 330 | @a本书主要内容包括:修身以道,正己才能正人;韬光养晦,低头才能出头;言行有术,到位才不越位;与人为善,交心才能倾心;兢兢业业,谨慎才能晋升;宽容大度,争气才不生气等。 | |
| 517 | 1 | @a国学中的被管理智慧@AGuo Xue Zhong De Bei Guan Li Zhi Hui |
| 606 | 0 | @a管理学@j通俗读物 |
| 606 | 0 | @a管理学 |
| 690 | @aC93-49@v5 | |
| 701 | 0 | @a魏及淇@AWei Ji Qi@4著 |
| 801 | 0 | @aCN@bTANGWEI@c20140603 |
| 905 | @b0842324-26@dC93-49@e480@f3 | |
| 从优秀到卓越:国学中的被管理智慧/魏及淇著.-北京:中国言实出版社,2014 |
| 231页:图;24cm |
| 平衡管理模式之团队建设篇 |
| ISBN 978-7-5171-0302-8:CNY35.00 |
| 本书主要内容包括:修身以道,正己才能正人;韬光养晦,低头才能出头;言行有术,到位才不越位;与人为善,交心才能倾心;兢兢业业,谨慎才能晋升;宽容大度,争气才不生气等。 |
| ● |
| 相关链接 |
|
|
|
|
正题名:从优秀到卓越
索取号:C93-49/480
 
预约/预借
| 序号 | 登录号 | 条形码 | 馆藏地/架位号 | 状态 | 备注 |
| 1 | 0842324 | 208423240 | 第一样本阅览室/ [索取号:C93-49/480] | 在馆 | |
| 2 | 0842325 | 208423259 | 第一借阅区/ [索取号:C93-49/480] | 在馆 | |
| 3 | 0842326 | 208423268 | 第一借阅区/ [索取号:C93-49/480] | 在馆 |